00449nam a22001217a 4500008004100000040005500041080002700096245011800123260004500241300001000286650001400296653001700310230612b |||||||| |||| 00| 0 eng d aNational Science LibrarycNational Science Library a621.3:681.3(082.2)bN7 aProceeding of the international conference on computer application in electrical engineering September 8-11, 1997 aRoorkee: bUniversity of Roorkee, c1997 a812p. aComputer  aEngineering